| 000 | 00856nam a2200205 a 4500 | ||
|---|---|---|---|
| 005 | 20240601063752.0 | ||
| 008 | 991125s1954 mx 000 0 spa u | ||
| 035 | _aUPN01000011043 | ||
| 049 | _aLT | ||
| 050 | 4 |
_aLB1577 M6.5 _bV3.2 |
|
| 100 | 1 |
_aValdés Becerril, Francisco _931227 |
|
| 245 | 1 | 0 |
_aConocimientos y práctica del lenguaje : _bteoría gramatical y ejercicios variados, de acuerdo con los programas oficiales / _cFrancisco Valdés Becerril y Juan Hernández Olvera. |
| 260 |
_aMéxico : _bHerrero, _c1954. |
||
| 300 |
_a306 p. : _bil. |
||
| 500 | _a"Texto aprobado para uso de los alumnos de quinto año de enseñanza primaria" | ||
| 650 | 4 |
_aEspañol _xEstudio y enseñanza (Elemental) _92806 |
|
| 650 | 4 |
_aEspañol _xGramática _xEstudio y enseñanza (Elemental) _913348 |
|
| 700 | 1 |
_aHernández Olvera, Juan, _ecoaut. _928896 |
|
| 905 | _aLibro | ||
| 999 |
_c11043 _d11043 |
||